Представление документа в формате MARC21

Поле Инд. ПП Название Значение
Тип записи a
Библиографический уровень b
001 Контрольный номер RU/IS/BASE/354105578
005 Дата корректировки 20200630193136.6
008 Кодируемые данные 20110322
040 b Код языка каталог. rus
e Правила каталог. PSBO
041 0_ a Код языка текста rus
084 a Индекс другой классификации/Индекс ББК 60.51(4Фра)6; 60.507
100 1_ a Автор Воронцов А. В.
q Полное имя Воронцов Алексей Васильевич
100 1_ a Автор Громов И. А.
q Полное имя Громов Игорь Александрович
245 10 a Заглавие Теоретико-методологические основания социологии П. Бурдье
504 a Библиография Библиогр.: с. 102
520 a Аннотация В статье "предпринята попытка дать изложение исходных принципов" концепции крупнейшего современного социолога П. Бурдье. Как говорят авторы, "его творчество имеет ярко выраженнай критическрй характер как по отношению к современному обществу, так и по отношению к положению дел в социологии"
600 a Персоналии Бурдье Пьер
650 a Основная рубрика история социологии
a Основная рубрика социология
653 a Ключевые слова XX век
a Ключевые слова габитус
a Ключевые слова генетический структурализм
a Ключевые слова концепция двойного структурирования
a Ключевые слова социальное познание
a Ключевые слова социальное поле
a Ключевые слова социологические теории
a Ключевые слова субъективизм
a Ключевые слова Франция
773 08 t Заглавие источника Вестник Московского университета. Серия 18, Социология и политология
d Дата издания источника 2010
g Прочая информация № 4. - С. 82 - 102
w Контрольный № источника RU/IS/BASE/349533681
901 t Тип документа b